| 000 | 03612nam a2200217Ia 4500 | ||
|---|---|---|---|
| 003 | OSt | ||
| 005 | 20241109105223.0 | ||
| 008 | 210210b1998 xxu||||| |||| 00| 0 eng d | ||
| 040 | _cAL | ||
| 041 | _aKannada | ||
| 082 | _a954.871K VASK | ||
| 100 |
_aVASANTA MADHAVA (KG) _990768 _dವಸಂತ ಮಾಧವ (ಕೆಜಿ) |
||
| 245 |
_aKaravali Karnatakada rajakiya itihasa adhyayana mattu samshodhane _bಕರಾವಳಿ ಕರ್ನಾಟಕದ ರಾಜಕೀಯ ಇತಿಹಾಸ ಅಧ್ಯಯನ ಮತ್ತು ಸಂಶೋಧನೆ |
||
| 260 |
_aHaleyangadi _bNammi Ananta Prakashana _c1998 |
||
| 300 | _ax,203 | ||
| 520 | _aಭಾಗ - ೧ - ರಾಜಕೀಯ ಇತಿಹಾಸ ಸಮಿಾಕ್ಷೆ: ಪೀಠಿಕೆ - ಇತಿಹಾಸ ಅಧ್ಯಯನ ಮತ್ತು ಸಂಶೋಧನೆ, ಸ್ವಾತಂತ್ರ ಪೂರ್ವ ತುಳು ನಾಡಿನ ಇತಿಹಾಸ ಗ್ರಂಥಗಳು - ವಿಮರ್ಶೆ, ಕರಾವಳಿ ಕರ್ನಾಟಕದ ಇತಿಹಾಸ ಅಧ್ಯಯನದ ಮಹತ್ವ, ದಕ್ಷಿಣ ಕನ್ನಡ ಜಿಲ್ಲೆಯ ರಾಜಕೀಯ ಇತಿಹಾಸ ಸಮೀಕ್ಷೆ, ಗೇರಸೊಪ್ಪೆಯ ಸಾಳ್ವರು, ಭಟ್ಕಳ - ಗೇರಸೊಪ್ಪೆಯ ರಾಣಿಯರು - ಪೋರ್ತುಗೀಜರು. ಭಾಗ - ೨ – ಆಕರಗಳು: ಕಡತ - ಪೋರ್ತುಗೀಜ ದಾಖಲೆ ಮತ್ತು ಶಾಸನಗಳ ತೌಲನಾತ್ಮಿಕ ಅಧ್ಯಯನ, ಕರಾವಳಿ ಕರ್ನಾಟಕದಲ್ಲಿರುವ ಅಪರೂಪ ದಾಖಲೆಗಳು, ಕೊಚ್ಚಿ ಪತ್ರಗಾರದಲ್ಲಿರುವ ಕನ್ನಡ ಇತಿಹಾಸ ದಾಖಲೆ, ಉತ್ತರ ಕನ್ನಡ ಜಿಲ್ಲೆ : ವಿದೇಶಿ ಇತಿಹಾಸಕಾರರ ದೃಷ್ಟಿಯಲ್ಲಿ, ದಕ್ಷಿಣ ಕನ್ನಡ ಜಿಲ್ಲೆಯ ಇತಿಹಾಸಕ್ಕೆ ವಿದೇಶಿ ಆಕರಗಳು. ಭಾಗ - ೩ - ಕರ್ನಾಟಕ ಮತ್ತು ಕರಾವಳಿ ಅರಸು ಮನೆತನಗಳು: ಕದಂಬರು - ತುಳು ಪಾಳೆಯಗಾರರು ಭಾವನಾತ್ಮಕ ಸಂಬಂಧ, ಕರಾವಳಿ ಕರ್ನಾಟಕದ ತುಂಡರಸುಗಳು ಮತ್ತು ವಿಜಯನಗರ ಚಕ್ರವರ್ತಿಗಳು, ವಿಶ್ಲೇಷಣೆ, ಕರಾವಳಿ ಕರ್ನಾಟಕದಲ್ಲಿ ಕೆಳದಿಯ ನಾಯಕರು, ಗೇರಸೊಪ್ಪೆ ಅರಸರು - ಕೆಳದಿ ನಾಯಕರು ಕೆಳದಿ ಅರಸರ ತೆರಿಗೆ ಪದ್ಧತಿ, ಶಿವಾಜಿಯ ಬನ್ನೂರು ದಾಳಿ, ಹೈದರಾಲಿ ಟಿಪ್ಪು ಸುಲ್ತಾನ - ಕರಾವಳಿ ಕರ್ನಾಟಕ. ಭಾಗ - ೪ - ಕರಾವಳಿ ಕರ್ನಾಟಕದ ಅರಸು ಮನೆತನಗಳ ಸಂಶೋಧನಾತ್ಮಕ ಅಧ್ಯಯನ: ಭೂತ ಪಾಂಡ್ಯನ ಐತಿಹಾಸಿಕ ಹಿನ್ನಲೆ, ಕಳಸ ಕಾರ್ಕಳ ಅರಸರು ಮತ್ತು ಶೃಂಗೇರಿ ಮಠ, ಚೌಟ - ಭೈರಸ ಒಡೆಯರ ರಾಜಕೀಯ ಸಂಬಂಧ ವಿಶ್ಲೇಷಣೆ, ಕಾರ್ನಾಡಿನ ರಾಣಿ, ಸ್ವಾದಿ ಅರಸುಮನೆತನ ರಾಜಕೀಯ ಸಂಬಂಧ - ವಿಸ್ತಾರ, ಪರಿಶಿಷ್ಟ | ||
| 650 |
_aResearch and Study on Political History of Costal Karnataka _9183875 |
||
| 690 |
_aSouth Kanara /South Canara _990769 |
||
| 906 | _a055013 | ||
| 942 |
_2ddc _cBK |
||
| 999 |
_c102674 _d102674 |
||